LEADER 01318nam a2200265 i 4500 001 000000249744 003 CaOOAMICUS 005 20160620000000.0 008 160620s1862 xx u000 u lat u 013 $a228649 040 $aSeMil$bita 245 10$aInstructiones ritus et decreta ad funera ducenda aliaque officia mortuis praestanda, quae in provincialibus, & diocesanis Synodis hactenus sancita sunt. 250 $aEditio novissima. 260 $aMediolani :$bap. Jac. Agnelli,$c1862. 300 $axvi, 115 p. :$bmus. ;$c28 cm. 500 $aLascito Card. C.M. Martini. 650 4$aLiturgia ambrosiana - Rituali - Esequie - Commenti e studi.$0(OLS)http://semarc/subject/7380 650 4$aLibri liturgici - Rituali - Esequie - Rito ambrosiano.$0(OLS)http://semarc/subject/16318 710 2 $aArcidiocesi di Milano.$0(OLS)http://semarc/name/400 850 $aSeMil 852 $aSeMil$W1$xVenegono$y1$m3K V 77 FA$j200090$B200090$CSeMilBibl$Z2$F211606 $8I 941 1 $a4 961 $aLascito: Martini Card. Carlo Maria 996 $6245$aInstructiones ritus et decreta ad funera ducenda aliaque officia mortuis praestanda, quae in provincialibus, & diocesanis Synodis hactenus sancita sunt$9(OLS)http://semarc/title/132700 996 $6260$aMediolani :$bap. Jac. Agnelli$9(OLS)http://semarc/publisher/43487 LEADER 01811nam a2200301 i 4500 001 000000249379 003 CaOOAMICUS 005 20240718161950.0 008 160516s1777 it u000 u ita u 013 $a228284 026 $a9.ie c.a. e-t) IVob (7) 1777 (R) 040 $aSeMil$bita 245 10$aTobia Giuditta ed Ester giusta la vulgata in lingua latina e volgare colla spiegazione del senso litterale, e del senso spirituale tratta dai santi padri, e dagli autori ecclesiastici dal sig. Le Maitre de Sacy prete ec. 300 $a560 p. 500 $aLascito Card. C.M. Martini 500 $aSegn.: A-2M8 650 4$aBibbia - Traduzioni latine - Vulgata.$0(OLS)http://semarc/subject/1529 650 4$aBibbia - AT - Tobia.$0(OLS)http://semarc/subject/8995 650 4$aBibbia. Antico Testamento. Giuditta - Commentari, studi, critica, interpretazioni.$0(OLS)http://semarc/subject/20016 650 4$aBibbia. Antico Testamento. Ester - Commentari, studi, critica, interpretazioni.$0(OLS)http://semarc/subject/13547 700 1 $aLe Maistre de Sacy, Isaac,$d<1613-1684>.$0(OLS)http://semarc/name/2983 773 0 $tSacra Scrittura. Tomo 1. [-46.].$bEdizione seconda diligentemente esaminata e ricorretta.$dIn Venezia : Appresso Lorenzo Baseggio librajo, all'Aurora, a S. Bartolommeo, 1775-1781.$g15$w()29450 850 $aSeMil 852 $aSeMil$W1$xVenegono$y1$m2Z II 22 FA$j199725$B199725$CSeMilBibl$Z2$F211170 $8I 941 1 $a4 961 $aLascito: Martini Card. Carlo Maria 996 $6245$aTobia Giuditta ed Ester giusta la vulgata in lingua latina e volgare colla spiegazione del senso litterale, e del senso spirituale tratta dai santi padri, e dagli autori ecclesiastici dal sig. Le Maitre de Sacy prete ec$9(OLS)http://semarc/title/351522